00939nam a2200241Ia 4500001000600000003000900006008004100015040001300056040001300069041001300082100001900095100002900114245004500143245001900188250001100207260001100218260001100229260004900240300005900289500028200348650003600630650003100666C0520IT-RoPAU130308s9999 xx 000 0 und d aIT-RoPAU cIT-RoPAU aITALIANO aSadoul Georges gCodice Aut. SPICS: 1728 aCronache del cinema francese (1958-1963) bNouvelle Vague a2a ed. aTORINO bLindau c1993 [1° Ed.:1993 - Ed.Ling.Originale:1963] a"20 p. (prefazione: no ; testo: 20 [pagine: 231-250])" aNote Critiche Su: Ascenseur pou L'Echafaud di Louis Malle, Hiroshima mon Amour di Alain Resnais, a Bout De Souffle di Jean Luc Godard, Paris nous Appartient di Jacques Rivette, Jules Et Jim di Francois Truffaut, Cleo De 5 a 7 di Agnes Varda, Adieu Philippine di Jacques Rozier. aMANIFESTAZIONI CINEMATOGRAFICHE eCodice materia Spics: 6815